000 00607nam a2200193Ii 4500
003 JO-AjNU
008 230605s9999||||xx |||||||||||||| ||und||
040 _aJO-AjNU
_bara
_erda
_cJO-AjNU
041 _aara
050 1 4 _aBP133.6.A5.W33 2003
100 3 _aإعداد وهيب، محمد,
_eauthor
_910592
245 0 0 _aاكتشاف كهف الرقيم، ج1
264 3 1 _aالزرقاء: د.ن، 2003
300 _aج1، 238ص
_bصور توضيحية
336 _atext
_btxt
_2rdacontent
337 _aunmediated
_bn
_2rdamedia
338 _avolume
_bnc
_2rdacarrier
650 4 _aكهف الرقيم
_910593
999 _aA1884
_c5452
_d5452